000 01243nam a22002777a 4500
999 _c63789
_d63789
005 20240530110659.0
008 171225s2015 ua a g b 000 0dara d
017 _a2012/43440
_bمصر. دار الكتب
020 _a9789777049900
040 _aEG-CaGPL
_cEG-CaGPL
082 0 4 _221
_a327.101/
_bم ع
100 1 _aمونبريال ، تييرى دو
245 1 0 _aعشرون عاما قلبت موازين العالم /
_cتأليف تييرى دو مونبريال ؛ ترجمة داليا محمد الطوخى ؛ تقديم امال الصبان .
_nالجزء الاول
_pمن برلين الى بكين
250 _aط.1
260 _aالقاهرة :
_bالمركز القومى للترجمة ،
_c2015 .
300 _a485 ص. ؛
_c24 سم.
490 _aالمركز القومى للترجمة ؛
_v2118
650 0 7 _2qrmak
_aالامبريالية
651 0 7 _2qrmak
_aالعالم
_xالاحوال السياسية
651 0 7 _2qrmak
_aروسيا
_xالاحوال السياسية
651 0 7 _2qrmak
_aالمانيا
_xتاريخ
700 0 _aداليا محمد الطوخى
_eمترجم
700 0 _aامال الصبان
_eمقدم
942 _2ddc
_cBK